| 000 | 00894nam a2200277 a 4500 | ||
|---|---|---|---|
| 001 | 2862212 | ||
| 003 | GBCCL | ||
| 005 | 20241126110355.0 | ||
| 008 | 850327s1985 miua b 001 0 eng | ||
| 010 | _a 85071177 | ||
| 020 |
_a0801042917 (pbk.) : _c$13.95 |
||
| 040 |
_aDLC _cDLC _dDLC |
||
| 050 | 0 | 0 |
_aBV2063 _b.H45 1985 |
| 082 | 0 | 0 |
_a266.001 _219 _bHIE |
| 100 | 1 |
_aHiebert, Paul G., _d1932- _92217 |
|
| 245 | 1 | 0 |
_aAnthropological insights for missionaries / _cPaul G. Hiebert. |
| 260 |
_aGrand Rapids, Mich. : _bBaker Book House, _cc1985., 2001 |
||
| 300 |
_a315 p. : _bill. ; _c23 cm. |
||
| 500 | _aIncludes index. | ||
| 504 | _aBibliography: p. 299-305. | ||
| 650 | 0 |
_aMissions _xAnthropological aspects. _92221 |
|
| 650 | 0 |
_aChristianity and culture. _9886 |
|
| 650 | 0 |
_aIntercultural communication. _92233 |
|
| 906 |
_a7 _bcbc _corignew _d3 _eopcn _f19 _gy-gencatlg |
||
| 942 |
_2ddc _cBK _031 |
||
| 999 |
_c1202 _d1202 |
||